[Event "BEL-chT 2324"]
[Site "Belgium"]
[Date "2023.10.22"]
[Round "3.2"]
[White "Marechal, Andy"]
[Black "Pham, Khoi"]
[Result "0-1"]
[WhiteElo "2309"]
[BlackElo "2344"]
[PlyCount "100"]
[EventDate "2023.09.24"]
[EventType "team-tourn"]
[EventRounds "11"]
[EventCountry "BEL"]
[SourceTitle "EXT 2025"]
[Source "ChessBase"]
[SourceDate "2024.10.14"]
[SourceVersion "1"]
[SourceVersionDate "2024.10.14"]
[SourceQuality "1"]
[WhiteTeam "Namur"]
[BlackTeam "Wachtebeke"]
[WhiteTeamCountry "BEL"]
[BlackTeamCountry "BEL"]

1. e4 e5 2. Nf3 Nc6 3. Bc4 Bc5 4. c3 Nf6 5. d3 0-0 6. Nbd2 a6 7. Bb3 Ba7 8. h3 h6 9. Nf1 d5 10. Qe2 Be6 11. Ng3 Re8 12. Nh4 Na5 13. Bc2 Nxe4 14. dxe4 Qxh4 15. exd5 Bxd5 16. Qd3 e4 17. Qxd5 e3 18. 0-0 e2 19. Nxe2 Rxe2 20. Be3 Rd8 21. Qxa5 Bxe3 22. Qf5 g6 23. Qf3 Bxf2+ 24. Rxf2 Qxf2+ 25. Qxf2 Rxf2 26. Kxf2 Rd2+ 27. Kf3 Rxc2 28. Rb1 Kg7 29. g3 Kf6 30. Kf4 g5+ 31. Kf3 Rh2 32. a4 h5 33. b3 Rxh3 34. Kg2 g4 35. Rf1+ Kg6 36. Rf4 f5 37. Rc4 c6 38. a5 h4 39. gxh4 Rxh4 40. Kg3 Kg5 41. Rc5 Rh3+ 42. Kg2 Rd3 43. Rc4 f4 44. Rb4 Rd2+ 45. Kf1 g3 46. Rxb7 g2+ 47. Kg1 f3 48. Rg7+ Kf6 49. Rg3 Rd1+ 50. Kh2 Rh1# 0-1

[Event "EU-Cup Online Gr-I"]
[Site "Tornelo INT"]
[Date "2021.03.28"]
[Round "7.2"]
[White "Mchedlishvili, Mikheil"]
[Black "Marechal, Andy"]
[Result "1-0"]
[WhiteElo "2570"]
[BlackElo "2332"]
[PlyCount "75"]
[EventDate "2021.03.27"]
[EventType "team-tourn (rapid)"]
[EventRounds "9"]
[EventCountry "NET"]
[SourceTitle "CBM 201 Extra"]
[Source "ChessBase"]
[SourceDate "2021.05.31"]
[SourceVersion "1"]
[SourceVersionDate "2021.05.31"]
[SourceQuality "1"]
[WhiteTeam "Beniajan Duochess CAC"]
[BlackTeam "Bonnevoie Gambit"]
[WhiteTeamCountry "ESP"]
[BlackTeamCountry "BEL"]

1. e4 e6 2. d4 d5 3. Nc3 Nf6 4. e5 Nfd7 5. Nce2 c5 6. c3 cxd4 7. cxd4 f6 8. f4 Nc6 9. Nf3 Be7 10. Be3 0-0 11. Nc3 Qb6 12. Qd2 a6 13. Bd3 Nb4 14. Bb1 Nb8 15. 0-0 Bd7 16. a3 N4c6 17. b4 Na7 18. exf6 Bxf6 19. Ne5 Bxe5 20. dxe5 Qd8 21. Qd1 g6 22. Rf3 Nbc6 23. Ne2 Ne7 24. Rg3 Kh8 25. Rh3 Nac6 26. Qe1 Nf5 27. Bc5 Rg8 28. g4 Nfe7 29. Bf2 Rg7 30. Bh4 Kg8 31. Bf6 Rf7 32. Qh4 Qb6+ 33. Kg2 a5 34. Qg5 Kf8 35. Bxg6 hxg6 36. Rh8+ Ng8 37. Qxg6 Nce7 38. Qg5 1-0

[Event "EU-Cup Online Gr-I"]
[Site "Tornelo INT"]
[Date "2021.03.27"]
[Round "1.3"]
[White "Bulmaga, Irina"]
[Black "Marechal, Andy"]
[Result "1/2-1/2"]
[WhiteElo "2440"]
[BlackElo "2332"]
[PlyCount "116"]
[EventDate "2021.03.27"]
[EventType "team-tourn (rapid)"]
[EventRounds "9"]
[EventCountry "NET"]
[SourceTitle "CBM 201 Extra"]
[Source "ChessBase"]
[SourceDate "2021.05.31"]
[SourceVersion "1"]
[SourceVersionDate "2021.05.31"]
[SourceQuality "1"]
[WhiteTeam "Schwaebisch Hall (W)"]
[BlackTeam "Bonnevoie Gambit"]
[WhiteTeamCountry "GER"]
[BlackTeamCountry "BEL"]

1. e4 e6 2. d4 d5 3. Nc3 Nf6 4. e5 Nfd7 5. f4 c5 6. Nf3 Nc6 7. Be3 cxd4 8. Nxd4 Bc5 9. Qd2 0-0 10. 0-0-0 a6 11. Nb3 Bb4 12. Bd3 b5 13. Rhf1 Bb7 14. a3 Be7 15. Ne2 Rc8 16. Ned4 Nxd4 17. Bxd4 Nc5 18. Nxc5 Bxc5 19. Bxc5 Rxc5 20. f5 exf5 21. Rxf5 Qh4 22. g3 Qh3 23. Rdf1 Bc8 24. Qf2 Bxf5 25. Bxf5 Qh6+ 26. Kb1 Rc6 27. Bd7 Re6 28. Bxe6 Qxe6 29. Qd4 Re8 30. Rd1 Qxe5 31. Qxd5 g6 32. Qxe5 Rxe5 33. Rd2 Kg7 34. b4 h5 35. Kb2 Re6 36. Kb3 Rc6 37. a4 Kf6 38. axb5 axb5 39. Rd5 Rb6 40. c4 bxc4+ 41. Kxc4 Ke6 42. b5 Rb8 43. Rd2 g5 44. Kc5 f5 45. b6 f4 46. gxf4 gxf4 47. Kc6 Rc8+ 48. Kb5 Ke5 49. b7 Rb8 50. Kc6 Ke4 51. Kc7 Rxb7+ 52. Kxb7 f3 53. Rb2 Ke3 54. Kc6 f2 55. Rb1 Ke2 56. Rb2+ Ke3 57. Rb3+ Ke2 58. Rb2+ Ke3 1/2-1/2

[Event "BEL-chT 1920"]
[Site "Belgium"]
[Date "2020.03.08"]
[Round "9.4"]
[White "Zaragatski, Ilja"]
[Black "Marechal, Andy"]
[Result "1-0"]
[WhiteElo "2489"]
[BlackElo "2324"]
[PlyCount "83"]
[EventDate "2019.09.29"]
[EventType "team-tourn"]
[EventRounds "11"]
[EventCountry "BEL"]
[SourceTitle "CBM 195 Extra"]
[Source "ChessBase"]
[SourceDate "2020.05.31"]
[SourceVersion "1"]
[SourceVersionDate "2020.05.31"]
[SourceQuality "1"]
[WhiteTeam "Echiquier Mosan"]
[BlackTeam "Fontaine"]
[WhiteTeamCountry "BEL"]
[BlackTeamCountry "BEL"]

1. Nf3 d5 2. g3 Bg4 3. Bg2 Nd7 4. c4 e6 5. cxd5 exd5 6. 0-0 c6 7. d3 Bc5 8. e4 dxe4 9. dxe4 Ngf6 10. Nc3 0-0 11. Qc2 Re8 12. Bf4 b5 13. h3 Bxf3 14. Bxf3 Ne5 15. Bg2 Qe7 16. Kh1 Rac8 17. Rad1 Bb6 18. Bg5 h6 19. Bc1 Ned7 20. f4 Nc5 21. e5 Nfd7 22. Rd6 f6 23. b4 Ne6 24. Rfd1 Nd4 25. R1xd4 Bxd4 26. Rxd4 fxe5 27. fxe5 Nxe5 28. Re4 Qd7 29. Be3 Nc4 30. Bc5 Rcd8 31. Rxe8+ Rxe8 32. Ne2 Re6 33. Nf4 Re8 34. a4 a6 35. a5 Re1+ 36. Kh2 Re8 37. Qg6 Ne5 38. Qh5 Nc4 39. Qf3 Ne5 40. Qc3 Nc4 41. Bd4 Rd8 42. Bxg7 1-0

[Event "BEL-chT 1920"]
[Site "Belgium"]
[Date "2019.12.01"]
[Round "5.3"]
[White "Marechal, Andy"]
[Black "Hoffmeister, Frank"]
[Result "1/2-1/2"]
[WhiteElo "2324"]
[BlackElo "2205"]
[PlyCount "62"]
[EventDate "2019.09.29"]
[EventType "team-tourn"]
[EventRounds "11"]
[EventCountry "BEL"]
[SourceTitle "CBM 195 Extra"]
[Source "ChessBase"]
[SourceDate "2020.05.31"]
[SourceVersion "1"]
[SourceVersionDate "2020.05.31"]
[SourceQuality "1"]
[WhiteTeam "Fontaine"]
[BlackTeam "Europchess"]
[WhiteTeamCountry "BEL"]
[BlackTeamCountry "BEL"]

1. e4 e6 2. d4 d5 3. Nd2 Nf6 4. e5 Nfd7 5. c3 c5 6. f4 Nc6 7. Ndf3 Qb6 8. a3 c4 9. Ne2 Na5 10. g4 Qb3 11. Ng3 Qxd1+ 12. Kxd1 Nb6 13. Be3 Bd7 14. Be2 Rc8 15. Ke1 Na4 16. Rb1 Rc6 17. Kd2 Nb3+ 18. Kc2 Rc7 19. Rbf1 b5 20. Nd2 Nxd2 21. Bxd2 Be7 22. h4 a5 23. Nh5 0-0 24. f5 Rb8 25. f6 gxf6 26. Nxf6+ Kg7 27. Rh3 b4 28. Nxd7 Rxd7 29. axb4 axb4 30. cxb4 Bxb4 31. Bc1 Rdb7 1/2-1/2

[Event "EU-Cup 35th"]
[Site "Ulcinj"]
[Date "2019.11.16"]
[Round "7.30"]
[White "Vasli, Aref"]
[Black "Marechal, Andy"]
[Result "1-0"]
[WhiteElo "2397"]
[BlackElo "2340"]
[PlyCount "71"]
[EventDate "2019.11.10"]
[EventType "team-swiss"]
[EventRounds "7"]
[EventCountry "MNE"]
[SourceTitle "EXT 2021"]
[Source "ChessBase"]
[SourceDate "2020.10.23"]
[SourceVersion "1"]
[SourceVersionDate "2020.10.23"]
[SourceQuality "1"]
[WhiteTeam "Bronshoj"]
[BlackTeam "Fontaine"]
[WhiteTeamCountry "DEN"]
[BlackTeamCountry "BEL"]

1. e4 e6 2. d4 d5 3. Nc3 Nf6 4. e5 Nfd7 5. f4 c5 6. Nf3 Nc6 7. Be3 Be7 8. Qd2 0-0 9. dxc5 Qa5 10. Bd3 Nxc5 11. 0-0 f6 12. exf6 Bxf6 13. Nxd5 exd5 14. Qxa5 Nxa5 15. Bxc5 Re8 16. Rae1 Bd7 17. Bd4 Nc4 18. Bxc4 dxc4 19. Bxf6 gxf6 20. c3 Bf5 21. Kf2 Kf7 22. Nd4 Bd3 23. Rxe8 Rxe8 24. Re1 Rd8 25. g4 Rd5 26. f5 h5 27. h3 Rd8 28. Kg3 Rg8 29. Nb5 Rd8 30. Re6 hxg4 31. hxg4 Bb1 32. Nd6+ Kg7 33. a3 b6 34. Kf4 b5 35. Re7+ Kf8 36. Rf7+ 1-0

[Event "EU-Cup 35th"]
[Site "Ulcinj"]
[Date "2019.11.10"]
[Round "1.13"]
[White "Marechal, Andy"]
[Black "Mamedov, Rauf"]
[Result "0-1"]
[WhiteElo "2340"]
[BlackElo "2648"]
[PlyCount "92"]
[EventDate "2019.11.10"]
[EventType "team-swiss"]
[EventRounds "7"]
[EventCountry "MNE"]
[SourceTitle "CBM 193 Extra"]
[Source "ChessBase"]
[SourceDate "2020.01.31"]
[SourceVersion "1"]
[SourceVersionDate "2020.01.31"]
[SourceQuality "1"]
[WhiteTeam "Fontaine"]
[BlackTeam "Vugar Gashimov"]
[WhiteTeamCountry "BEL"]
[BlackTeamCountry "AZE"]

1. e4 c5 2. Nc3 Nc6 3. f4 g6 4. Nf3 Bg7 5. Bb5 Nd4 6. 0-0 a6 7. Bd3 Nc6 8. Be2 d6 9. d3 Nf6 10. Qe1 0-0 11. Qh4 Bg4 12. h3 Bxf3 13. Bxf3 Nd7 14. f5 e6 15. Bg5 Bf6 16. Bxf6 Qxf6 17. Qxf6 Nxf6 18. fxe6 fxe6 19. Rae1 Rab8 20. Bd1 b6 21. Nb1 Kf7 22. Nd2 Ke7 23. Rf2 b5 24. Re3 Nd7 25. Rxf8 Rxf8 26. Rf3 Rb8 27. Rg3 Nb6 28. b3 b4 29. h4 Rg8 30. Nf3 h6 31. Kf2 Nd7 32. Ke3 e5 33. Nd2 Nf6 34. Nc4 Nd4 35. Kd2 Nb5 36. h5 g5 37. Ne3 Nd4 38. Bg4 a5 39. Bf5 a4 40. Rh3 Ra8 41. Rh2 axb3 42. axb3 Ra2 43. Kd1 Kf8 44. Bc8 d5 45. Bb7 c4 46. Bxd5 Ra1+ 0-1

[Event "Roquetas de Mar op 30th"]
[Site "Roquetas de Mar"]
[Date "2019.01.03"]
[Round "2"]
[White "Shirov, Alexei"]
[Black "Marechal, Andy"]
[Result "1-0"]
[WhiteElo "2643"]
[BlackElo "2316"]
[PlyCount "69"]
[EventDate "2019.01.02"]
[EventType "swiss"]
[EventRounds "9"]
[EventCountry "ESP"]
[SourceTitle "CBM 188 Extra"]
[Source "ChessBase"]
[SourceDate "2019.02.28"]
[SourceVersion "1"]
[SourceVersionDate "2019.02.28"]
[SourceQuality "1"]

1. e4 e6 2. d4 d5 3. Nc3 Nf6 4. e5 Nfd7 5. f4 c5 6. Nf3 Nc6 7. Be3 cxd4 8. Nxd4 Bc5 9. Qd2 0-0 10. 0-0-0 a6 11. Qf2 Bxd4 12. Bxd4 b5 13. Be3 Qa5 14. Kb1 b4 15. Ne2 Qc7 16. Nd4 Nxd4 17. Bxd4 a5 18. Bb5 Ba6 19. Bxd7 Qxd7 20. g4 Rfc8 21. f5 a4 22. b3 Rc6 23. f6 Rac8 24. Qd2 Qe8 25. Rc1 axb3 26. axb3 Qf8 27. h4 Rc3 28. h5 Rg3 29. Rcg1 Rxg1+ 30. Rxg1 g6 31. Kb2 Bb7 32. Rh1 Bc6 33. Qf2 Bb7 34. hxg6 fxg6 35. f7+ 1-0

[Event "BEL-chT 1819"]
[Site "Belgium"]
[Date "2018.12.02"]
[Round "5.8"]
[White "Marechal, Andy"]
[Black "Memeti, Kastriot"]
[Result "1-0"]
[WhiteElo "2292"]
[BlackElo "2152"]
[PlyCount "105"]
[EventDate "2018.09.30"]
[EventType "team-tourn"]
[EventRounds "11"]
[EventCountry "BEL"]
[SourceTitle "CBM 187 Extra"]
[Source "ChessBase"]
[SourceDate "2018.11.04"]
[SourceVersion "1"]
[SourceVersionDate "2018.11.04"]
[SourceQuality "1"]
[WhiteTeam "Fontaine"]
[BlackTeam "Echiquier Mosan"]
[WhiteTeamCountry "BEL"]
[BlackTeamCountry "BEL"]

1. e4 e6 2. d4 d5 3. Nd2 h6 4. c3 c5 5. dxc5 Bxc5 6. exd5 exd5 7. Qe2+ Be6 8. Nb3 Bb6 9. Be3 Nf6 10. Bxb6 Qxb6 11. Qb5+ Nc6 12. Qxb6 axb6 13. Bb5 0-0 14. Ne2 Ne4 15. 0-0 f5 16. Rfe1 g5 17. a3 Rae8 18. Rad1 f4 19. Ned4 Bd7 20. Nc2 Nf6 21. Bf1 Kf7 22. Nbd4 Rxe1 23. Nxe1 Re8 24. Nb5 Rb8 25. Nc2 Ne5 26. Nb4 Bc6 27. Nd4 Bd7 28. Be2 Nc6 29. Ndc2 Bf5 30. Nd4 Nxd4 31. Rxd4 Re8 32. Kf1 Re5 33. f3 Ke6 34. Kf2 Kd6 35. Rd2 Kc7 36. Bd1 g4 37. Rd4 gxf3 38. gxf3 Bd7 39. Rxf4 Rf5 40. Rxf5 Bxf5 41. Ke3 Kd6 42. Kd4 Be6 43. Bb3 Bf7 44. Ba2 Bg8 45. Nc2 h5 46. Ne3 Be6 47. h4 Bf7 48. b4 Be6 49. Bb3 Bf7 50. f4 Be6 51. Bd1 Bf7 52. Bf3 Be6 53. c4 1-0

[Event "BEL-chT 1617"]
[Site "Belgium"]
[Date "2016.10.16"]
[Round "2.5"]
[White "Marechal, Andy"]
[Black "Le Quang, Kim"]
[Result "1-0"]
[WhiteElo "2319"]
[BlackElo "2301"]
[PlyCount "115"]
[EventDate "2016.10.02"]
[EventType "team-tourn"]
[EventRounds "11"]
[EventCountry "BEL"]
[SourceTitle "EXT 2017"]
[Source "ChessBase"]
[SourceDate "2016.10.25"]
[SourceVersion "1"]
[SourceVersionDate "2016.10.25"]
[SourceQuality "1"]
[WhiteTeam "Fontaine"]
[BlackTeam "Charleroi CREC"]
[WhiteTeamCountry "BEL"]
[BlackTeamCountry "BEL"]

1. e4 c5 2. Nc3 Nc6 3. f4 g6 4. Nf3 Bg7 5. Bb5 Nd4 6. a4 a6 7. Bd3 d6 8. Nxd4 cxd4 9. Ne2 Nf6 10. 0-0 0-0 11. c3 e5 12. cxd4 exd4 13. b4 Re8 14. Ng3 h5 15. Re1 h4 16. Nh1 Bg4 17. Qb3 Bf5 18. Nf2 Nh5 19. Bc4 Qf6 20. Bb2 Be6 21. Bxe6 fxe6 22. g3 Kh8 23. e5 dxe5 24. Rxe5 Rad8 25. Rae1 Qf7 26. R5e4 Rd6 27. Nh3 Bf6 28. g4 Ng7 29. Qf3 Rc8 30. Qd3 Qd7 31. a5 Kg8 32. Nf2 Rd5 33. g5 Be7 34. Ng4 Qb5 35. Qxb5 Rxb5 36. Bxd4 Rxb4 37. Bxg7 Rxe4 38. Rxe4 Kxg7 39. Rxe6 Bc5+ 40. Kf1 Rd8 41. Ne5 Rxd2 42. Rxg6+ Kf8 43. Rh6 Kg7 44. Rxh4 Be3 45. Nc4 Rf2+ 46. Ke1 Bc5 47. Kd1 Bb4 48. h3 Ra2 49. f5 Bxa5 50. f6+ Kg6 51. Nxa5 Rxa5 52. Rf4 Rd5+ 53. Ke2 Rd7 54. h4 Rf7 55. Kf3 Kh5 56. Ke4 Kg6 57. Ke5 Rc7 58. Kd5 1-0

[Event "BEL-chT 1617"]
[Site "Belgium"]
[Date "2016.10.02"]
[Round "1.4"]
[White "Marechal, Andy"]
[Black "Popovic, Petar"]
[Result "1/2-1/2"]
[WhiteElo "2319"]
[BlackElo "2454"]
[PlyCount "102"]
[EventDate "2016.10.02"]
[EventType "team-tourn"]
[EventRounds "11"]
[EventCountry "BEL"]
[SourceTitle "EXT 2017"]
[Source "ChessBase"]
[SourceDate "2016.10.25"]
[SourceVersion "1"]
[SourceVersionDate "2016.10.25"]
[SourceQuality "1"]
[WhiteTeam "Fontaine"]
[BlackTeam "Wirtzfeld"]
[WhiteTeamCountry "BEL"]
[BlackTeamCountry "BEL"]

1. e4 c5 2. Nc3 Nc6 3. f4 g6 4. Nf3 Bg7 5. Bb5 Nd4 6. 0-0 Nxb5 7. Nxb5 d5 8. e5 Bg4 9. d4 Qd7 10. a4 a6 11. Nc3 cxd4 12. Qxd4 e6 13. Qf2 Bxf3 14. Qxf3 Ne7 15. Ne2 0-0 16. Nd4 Rac8 17. Be3 Rc4 18. b3 Rc3 19. Qe2 Rcc8 20. Rad1 Qc7 21. Rd2 Rfe8 22. Rf3 Qa5 23. g4 Nc6 24. Nxc6 bxc6 25. Bd4 c5 26. Bf2 Rb8 27. Rd1 Qb6 28. Kh1 Qc6 29. Kg1 Rb4 30. Bh4 Re4 31. Qg2 c4 32. Rdf1 cxb3 33. cxb3 Rc8 34. Bf6 Qb6+ 35. Kh1 Bxf6 36. exf6 Qd4 37. g5 Re3 38. Rxe3 Qxe3 39. Qf3 Qd4 40. Qe2 h5 41. Kg2 a5 42. h3 Qb4 43. Rf3 Qb6 44. Rd3 Rc1 45. Qf2 Qc6 46. Kg3 Qc7 47. Qe3 Rc2 48. Qd4 Rc1 49. Qe3 Kh7 50. Rd2 Rc3 51. Rd3 Rc1 1/2-1/2

[Event "BEL-chT 1516"]
[Site "Belgium"]
[Date "2015.11.29"]
[Round "5.3"]
[White "Marechal, Andy"]
[Black "Zaragatski, Ilja"]
[Result "0-1"]
[WhiteElo "2334"]
[BlackElo "2461"]
[PlyCount "106"]
[EventDate "2015.09.27"]
[EventType "team-tourn"]
[EventRounds "11"]
[EventCountry "BEL"]
[SourceTitle "CBM 169 Extra"]
[Source "ChessBase"]
[SourceDate "2015.12.18"]
[SourceVersion "1"]
[SourceVersionDate "2015.12.18"]
[SourceQuality "1"]
[WhiteTeam "Fontaine"]
[BlackTeam "Amay"]
[WhiteTeamCountry "BEL"]
[BlackTeamCountry "BEL"]

1. e4 e6 2. d4 d5 3. Nc3 Nc6 4. Nf3 Nf6 5. e5 Ne4 6. Bd3 Bb4 7. Bd2 Nxd2 8. Qxd2 f6 9. a3 Bxc3 10. Qxc3 fxe5 11. dxe5 Bd7 12. Qd2 Qe7 13. Qe3 0-0 14. 0-0 Be8 15. b4 Bh5 16. Nd4 Nxd4 17. Qxd4 b6 18. b5 g5 19. f4 Qc5 20. Qxc5 bxc5 21. fxg5 c4 22. Rxf8+ Rxf8 23. Bf1 Rf5 24. Re1 Rxg5 25. g3 Bg6 26. c3 Bc2 27. Bh3 Kf7 28. a4 Ke7 29. a5 Ba4 30. Rb1 Rxe5 31. b6 axb6 32. axb6 cxb6 33. Rxb6 Bc2 34. Kf2 Kf6 35. Bg4 Bf5 36. Bf3 Be4 37. Bg4 Bg6 38. Bf3 h5 39. h4 Rf5 40. Ke3 Ke5 41. Rb8 Rf7 42. Rh8 Rg7 43. Bxh5 Bf5 44. Kf2 Ra7 45. Bd1 Ra3 46. g4 Be4 47. g5 Rxc3 48. h5 Rh3 49. Bg4 Rh1 50. Rc8 Kf4 51. Bxe6 Rh2+ 52. Ke1 Ke3 53. Rf8 c3 0-1

[Event "BEL-chT 1516"]
[Site "Belgium"]
[Date "2015.10.11"]
[Round "2.5"]
[White "Tiggelman, Rene"]
[Black "Marechal, Andy"]
[Result "1/2-1/2"]
[WhiteElo "2268"]
[BlackElo "2334"]
[PlyCount "134"]
[EventDate "2015.09.27"]
[EventType "team-tourn"]
[EventRounds "11"]
[EventCountry "BEL"]
[SourceTitle "CBM 168 Extra"]
[Source "ChessBase"]
[SourceDate "2015.10.29"]
[SourceVersion "1"]
[SourceVersionDate "2015.10.29"]
[SourceQuality "1"]
[WhiteTeam "Jean Jaures"]
[BlackTeam "Fontaine"]
[WhiteTeamCountry "BEL"]
[BlackTeamCountry "BEL"]

1. d4 d5 2. Nf3 Nf6 3. c4 c6 4. Qc2 dxc4 5. Qxc4 Bf5 6. g3 e6 7. Bg2 Nbd7 8. 0-0 Be7 9. Nc3 0-0 10. Re1 Bg6 11. Qb3 Qb6 12. Qxb6 axb6 13. Nh4 b5 14. Nxg6 hxg6 15. Bd2 Nb6 16. b3 b4 17. Ne4 Nxe4 18. Bxe4 Ra3 19. Bc1 Ra7 20. Bb2 Rfa8 21. Bb1 Nd5 22. Rc1 Nc7 23. e3 Nb5 24. Kf1 Ra5 25. h4 Nc7 26. Ke1 Bd6 27. Kd1 Rd8 28. Ke2 f5 29. Bd3 Rda8 30. Bb1 Kf7 31. Rh1 Be7 32. h5 gxh5 33. Rxh5 Bf6 34. g4 fxg4 35. Rxa5 Rxa5 36. a3 Rh5 37. Be4 bxa3 38. Bxa3 Nb5 39. Bb2 g3 40. Rg1 Rh4 41. fxg3 Rxe4 42. Kf3 Nd6 43. Rd1 Bg5 44. Rd3 Rxe3+ 45. Rxe3 Bxe3 46. Kxe3 Kf6 47. Kf4 g5+ 48. Kf3 Kf5 49. g4+ Kg6 50. Ke3 Ne8 51. Kf3 Nf6 52. Bc1 Nd7 53. Bb2 Kf7 54. Bc1 Kf6 55. Ke4 Nb6 56. Bb2 Nd5 57. Bc1 Nc3+ 58. Kd3 Nb5 59. Bb2 Nd6 60. Ke3 Nf7 61. Ke4 Nd6+ 62. Ke3 Kg6 63. Ba3 Ne8 64. Bc1 Nf6 65. Kf3 b6 66. Bd2 Nd5 67. Ke4 Nf6+ 1/2-1/2

[Event "BEL-chT 1415"]
[Site "Belgium"]
[Date "2015.03.22"]
[Round "11.1"]
[White "Berelowitsch, Alexander"]
[Black "Marechal, Andy"]
[Result "1-0"]
[WhiteElo "2549"]
[BlackElo "2355"]
[PlyCount "81"]
[EventDate "2014.09.28"]
[EventType "team-swiss"]
[EventRounds "11"]
[EventCountry "BEL"]
[SourceTitle "EXT 2016"]
[Source "ChessBase"]
[SourceDate "2015.10.08"]
[SourceVersion "1"]
[SourceVersionDate "2015.10.08"]
[SourceQuality "1"]
[WhiteTeam "KSK Rochade"]
[BlackTeam "Fontaine"]
[WhiteTeamCountry "BEL"]
[BlackTeamCountry "BEL"]

1. e4 e6 2. d4 d5 3. Nd2 Nd7 4. Ngf3 Ne7 5. g3 g6 6. Bg2 Bg7 7. 0-0 0-0 8. e5 c5 9. c3 Nc6 10. Re1 cxd4 11. cxd4 Qb6 12. Nb3 a5 13. a4 Qc7 14. Bg5 b6 15. Rc1 Ba6 16. Nbd2 Qb7 17. Nb1 b5 18. axb5 Bxb5 19. Nc3 Ba6 20. Qd2 Rfc8 21. Bh6 Nb6 22. b3 Qe7 23. h4 Rab8 24. h5 Nd7 25. Bxg7 Kxg7 26. Bf1 Bxf1 27. Kxf1 h6 28. hxg6 fxg6 29. Kg2 Nd8 30. Rh1 Nf7 31. Ne2 Rxc1 32. Rxc1 Qd8 33. Nf4 Nf8 34. Rc3 Qe7 35. Qc2 Rb7 36. Nh4 Nh8 37. Rc8 Qf7 38. Qc6 Re7 39. Qc5 Nd7 40. Qxa5 Nf8 41. Qd8 1-0

[Event "BEL-chT 1415"]
[Site "Belgium"]
[Date "2015.02.08"]
[Round "8.3"]
[White "Lombaers, Peter"]
[Black "Marechal, Andy"]
[Result "1-0"]
[WhiteElo "2280"]
[BlackElo "2355"]
[PlyCount "125"]
[EventDate "2014.09.28"]
[EventType "team-swiss"]
[EventRounds "11"]
[EventCountry "BEL"]
[SourceTitle "EXT 2016"]
[Source "ChessBase"]
[SourceDate "2015.10.08"]
[SourceVersion "1"]
[SourceVersionDate "2015.10.08"]
[SourceQuality "1"]
[WhiteTeam "Borgerhout"]
[BlackTeam "Fontaine"]
[WhiteTeamCountry "BEL"]
[BlackTeamCountry "BEL"]

1. e4 e6 2. d4 d5 3. Nc3 Nc6 4. e5 Nge7 5. f4 Nf5 6. Nf3 h5 7. Bb5 Qd7 8. Ne2 b6 9. 0-0 a6 10. Bd3 g6 11. Qe1 a5 12. h3 Nb4 13. g4 Nxd3 14. cxd3 hxg4 15. hxg4 Nh6 16. Qh4 Bg7 17. b3 Ba6 18. Rd1 Ng8 19. Qg3 Ne7 20. Ba3 Nc6 21. Kf2 Nb4 22. Bxb4 axb4 23. Ke3 0-0-0 24. Qe1 Bf8 25. Qd2 Be7 26. g5 Kb7 27. Rh1 Rdg8 28. Ng3 Qe8 29. Rxh8 Rxh8 30. Rh1 Rxh1 31. Nxh1 Bb5 32. Nf2 Qa8 33. Ng4 c5 34. Qc2 Qc8 35. Nh6 cxd4+ 36. Kd2 Qc3+ 37. Qxc3 dxc3+ 38. Kc2 Be8 39. Ng8 Bc5 40. d4 Bf8 41. Ne1 Kc7 42. Nd3 Kd8 43. Nh6 Kc8 44. Nf2 Kc7 45. Nfg4 Kd8 46. Nf6 Bg7 47. Nhg4 Bb5 48. Nh7 Bf1 49. Ne3 Be2 50. a3 bxa3 51. Kxc3 Kc7 52. Nc2 a2 53. Kb2 Bd1 54. Na1 Kc6 55. Kxa2 Kb5 56. Ka3 Ka5 57. Ka2 Kb5 58. Kb1 Kb4 59. Kb2 Kb5 60. Nc2 Be2 61. Kc3 Ka5 62. Ne3 Kb5 63. Nc2 1-0

[Event "Luxembourg-chT 1415"]
[Site "Luxembourg"]
[Date "2014.11.23"]
[Round "4"]
[White "Marechal, Andy"]
[Black "Colson, Arnaud"]
[Result "1-0"]
[WhiteElo "2300"]
[BlackElo "2112"]
[PlyCount "77"]
[EventDate "2014.10.05"]
[EventType "team-tourn"]
[EventRounds "10"]
[EventCountry "LUX"]
[SourceTitle "EXT 2017"]
[Source "ChessBase"]
[SourceDate "2016.10.25"]
[SourceVersion "1"]
[SourceVersionDate "2016.10.25"]
[SourceQuality "1"]

1. e4 c6 2. d4 d5 3. Nc3 dxe4 4. Nxe4 Nf6 5. Nxf6+ gxf6 6. c3 h5 7. Be3 h4 8. Be2 Bf5 9. Qb3 Qd7 10. Bf3 Be6 11. c4 a5 12. d5 Bf5 13. Rd1 a4 14. Qb6 Qc8 15. Ne2 Ra6 16. Qd4 Nd7 17. Nc3 h3 18. g3 Ne5 19. Be2 Rg8 20. f3 e6 21. 0-0 Qc7 22. Kh1 Nd7 23. d6 Qd8 24. c5 Ra5 25. Qb4 Qa8 26. Rc1 Qa7 27. Rfd1 Bg7 28. b3 axb3 29. axb3 Kd8 30. Na4 Kc8 31. Bd2 Rxa4 32. bxa4 Bf8 33. a5 Ne5 34. Be3 Nd7 35. Ra1 Bc2 36. Rd2 Bh7 37. a6 Kb8 38. Qa5 bxa6 39. Qd8+ 1-0

[Event "BEL-chT 1415"]
[Site "Belgium"]
[Date "2014.09.28"]
[Round "1.4"]
[White "Leenhouts, Koen"]
[Black "Marechal, Andy"]
[Result "1-0"]
[WhiteElo "2380"]
[BlackElo "2355"]
[PlyCount "67"]
[EventDate "2014.09.28"]
[EventType "team-swiss"]
[EventRounds "11"]
[EventCountry "BEL"]
[SourceTitle "CBM 162 Extra"]
[Source "ChessBase"]
[SourceDate "2014.10.17"]
[SourceVersion "1"]
[SourceVersionDate "2014.10.17"]
[SourceQuality "1"]
[WhiteTeam "KBSK Brugge"]
[BlackTeam "Fontaine"]
[WhiteTeamCountry "BEL"]
[BlackTeamCountry "BEL"]

1. e4 e6 2. d3 c5 3. Nf3 Nc6 4. g3 g6 5. Bg2 Bg7 6. 0-0 d6 7. c3 e5 8. a3 Nge7 9. b4 0-0 10. Nbd2 h6 11. Bb2 Be6 12. Qe2 Qd7 13. Rfe1 Bh3 14. Bh1 g5 15. Rad1 f5 16. b5 Na5 17. d4 Qc7 18. dxe5 dxe5 19. exf5 Rxf5 20. Nc4 Raf8 21. Nxa5 Qxa5 22. Qc4+ Kh8 23. Qxc5 Ng6 24. Rd6 e4 25. Qe3 exf3 26. Rxg6 Qxb5 27. Rxg7 Kxg7 28. Qd4+ Kg6 29. Re6+ Kh5 30. c4 Qc6 31. Rxc6 bxc6 32. Qd6 R8f7 33. Qe6 g4 34. Bg7 1-0

[Event "EU-ch rapid"]
[Site "Warsaw"]
[Date "2013.12.15"]
[Round "10"]
[White "Dumanski, Aleksander"]
[Black "Marechal, Andy"]
[Result "1-0"]
[WhiteElo "2236"]
[BlackElo "2356"]
[PlyCount "75"]
[EventDate "2013.12.14"]
[EventType "swiss (rapid)"]
[EventRounds "11"]
[EventCountry "POL"]
[SourceTitle "CBM 157 Extra"]
[Source "ChessBase"]
[SourceDate "2013.12.19"]
[SourceVersion "1"]
[SourceVersionDate "2013.12.19"]
[SourceQuality "1"]

1. d4 d5 2. c4 c6 3. cxd5 cxd5 4. Nc3 Nc6 5. e4 e6 6. e5 Nge7 7. Nf3 Nf5 8. Bb5 Bd7 9. 0-0 Qb6 10. g4 Nh6 11. h3 a6 12. Ba4 Be7 13. Rb1 Rc8 14. Be3 Na5 15. Bxd7+ Kxd7 16. Na4 Qb5 17. b4 Nc4 18. Nc5+ Kc7 19. a4 Qe8 20. Qd3 Ra8 21. b5 axb5 22. Rxb5 b6 23. Qb3 Qc6 24. Nd3 Ra7 25. Nb4 Bxb4 26. Rxb4 Rha8 27. Nd2 Rxa4 28. Nxc4 dxc4 29. Qc3 Rxb4 30. Qxb4 Kd7 31. Bg5 Ng8 32. Rb1 Rb8 33. Ra1 h6 34. Ra7+ Rb7 35. Qf8 hxg5 36. Ra8 Qe4 37. Qe8+ Kc7 38. Rc8# 1-0